Best Picture Oscars - Multiple Choice Quiz - Statistics

General Stats
  • This quiz has been taken 179 times
  • The average score is 11 of 15
Answer Stats
Question Answer % Correct
Which of these films won the Oscar for Best Picture? West Side Story
93%
At the 2012 ceremony, Grant Heslov, George Clooney & Ben Affleck won for which film? Argo
85%
Which of these Best Picture Oscar winning films was completely in black and white? The Artist
85%
Which was the first sequel to win the Oscar for Best Picture? The Godfather Part II
85%
Which film is said to have been the first horror movie to win the Oscar for Picture? The Silence of the Lambs
85%
Which of the psd 1960s musicals did NOT win the Best Picture Oscar? Mary Poppins
81%
Parasite was the first film in a language other than English to win the Best Picture Oscar; which language was it in? Korean
78%
At the 2016 ceremony it was initially announced that La La Land had won, only for it to be announced that which other film had ACTUALLY won? Moonlight
78%
Which is the first Best Picture Oscar winning film to have been based on a novel? All Quiet On The Western Front
74%
Which of these ‘colourful’ films won the Best Picture Oscar? Green Book
74%
Which is the only film version of a Shakespeare play to have won the Best Picture Oscar? Hamlet
74%
Which of these 70s films won the Best Picture Oscar? Patton
74%
As of 2020, no film from which genre has ever won the Oscar for Best Picture? Science Fiction
63%
Which is the only film directed by Alfred Hitchcock to win the Oscar for Best Picture? Rebecca
56%
Which was the first animated film to be nominated for the Best Picture Oscar? Beauty and the Beast
41%
No matching quizzes found
Score Distribution
Percent of People with Each Score
Percentile by Number Answered
Your Score History
You have not taken this quiz